Loading...
| Literature - British | 3 | 4 | 0 | 1 | 85 | 46 | 87.71 | 4 | 7 | 0.00 | 0.00 |
| Fine Arts - Visual | 0 | 4 | 0 | 3 | 40 | 90 | 131.50 | 0 | 4 | 0.00 | 0.00 |
| Literature - World | 1 | 2 | 1 | 0 | 30 | 83 | 121.00 | 0 | 3 | 0.00 | 0.00 |
| Religion | 1 | 1 | 0 | 0 | 25 | 65 | 80.00 | 1 | 2 | 0.00 | 0.00 |
| Literature - American | 1 | 1 | 0 | 0 | 25 | 51 | 81.00 | 1 | 2 | 0.00 | 0.00 |
| Fine Arts - Other | 0 | 2 | 0 | 0 | 20 | 100 | 108.50 | 1 | 2 | 0.00 | 0.00 |
| Other Academic | 0 | 2 | 0 | 0 | 20 | 102 | 105.00 | 0 | 2 | 0.00 | 0.00 |
| Literature - European | 0 | 3 | 2 | 0 | 20 | 112 | 114.00 | 1 | 3 | 0.00 | 0.00 |
| Mythology | 0 | 2 | 1 | 1 | 15 | 91 | 119.50 | 0 | 2 | 0.00 | 0.00 |
| History - World | 0 | 1 | 0 | 1 | 10 | 140 | 140.00 | 0 | 1 | 0.00 | 0.00 |
| History - American | 0 | 1 | 0 | 1 | 10 | 137 | 137.00 | 0 | 1 | 0.00 | 0.00 |
| History - Ancient | 0 | 1 | 0 | 0 | 10 | 85 | 85.00 | 0 | 1 | 0.00 | 0.00 |
| Philosophy | 0 | 1 | 0 | 0 | 10 | 88 | 88.00 | 1 | 1 | 0.00 | 0.00 |
| Fine Arts - Auditory | 0 | 2 | 3 | 0 | 5 | 77 | 98.00 | 0 | 2 | 0.00 | 0.00 |
| History - Ancient/Other | 0 | 0 | 0 | 0 | 0 | 0.00 | 0 | 0 | 0.00 | 0.00 | |
| Social Science | 0 | 0 | 1 | 0 | -5 | 0.00 | 0 | 0 | 0.00 | 0.00 | |
| Science - Other | 0 | 0 | 2 | 0 | -10 | 0.00 | 0 | 0 | 0.00 | 0.00 |